00493pab a2200157 454500008003600000100002400036245006500060362002800125650001200153650001000165700002600175773003100201909001000232999001700242952007600259180718b xxu||||| |||| 00| 0 eng d aDuncombe William D. aThe impact of courts on the decision to expand jail capacity a25(3), Nov 93, p.267-92 a Courts aJails aStraussman Jeffrey D. aAdministration and Society a25916 c25916d25916 00104070aIIPAbIIPAd2018-07-19pAR25990r2018-07-19w2018-07-19yAR